[Event "IND-chT (Women) 19th"]
[Site "Jalgaon"]
[Date "2022.04.11"]
[Round "4.1"]
[White "Soumya, Swaminathan"]
[Black "Anjali, R Sagar"]
[Result "1-0"]
[WhiteElo "2362"]
[BlackElo "1836"]
[PlyCount "41"]
[EventDate "2022.04.08"]
[EventType "team-swiss"]
[EventRounds "6"]
[EventCountry "IND"]
[SourceTitle "CBM 208 Extra"]
[Source "ChessBase"]
[SourceDate "2022.07.31"]
[SourceVersion "1"]
[SourceVersionDate "2022.07.31"]
[SourceQuality "1"]
[WhiteTeam "PSPB (W)"]
[BlackTeam "Gujarat (W)"]
[WhiteTeamCountry "IND"]
[BlackTeamCountry "IND"]

1. e4 e5 2. Nf3 Nc6 3. Bb5 a6 4. Ba4 Nf6 5. 0-0 Be7 6. d3 b5 7. Bb3 d6 8. a4 Bb7 9. Bd2 0-0 10. Re1 Nd7 11. Nc3 Nc5 12. Bd5 b4 13. Ne2 a5 14. Ng3 g6 15. Bh6 Re8 16. c3 Rb8 17. d4 exd4 18. cxd4 Nd7 19. Bxf7+ Kxf7 20. Qb3+ Kf6 21. Ng5 1-0

[Event "Budapest FS06 FM"]
[Site "Budapest"]
[Date "2019.06.04"]
[Round "4"]
[White "Anjali, R Sagar"]
[Black "Aayush, Bhattacherjee"]
[Result "1-0"]
[WhiteElo "1701"]
[BlackElo "1527"]
[PlyCount "47"]
[EventDate "2019.06.01"]
[EventType "tourn"]
[EventRounds "10"]
[EventCountry "HUN"]
[SourceTitle "EXT 2020"]
[Source "ChessBase"]
[SourceDate "2019.10.17"]
[SourceVersion "1"]
[SourceVersionDate "2019.10.17"]
[SourceQuality "1"]

1. e4 e6 2. d4 d5 3. Nd2 dxe4 4. Nxe4 Nd7 5. Nf3 Ngf6 6. Nxf6+ Nxf6 7. Bd3 c5 8. 0-0 cxd4 9. Nxd4 Be7 10. c3 0-0 11. Bg5 h6 12. Bh4 Nd5 13. Bxe7 Qxe7 14. Qf3 Rd8 15. Rfe1 Qg5 16. Rad1 Qf4 17. c4 Kf8 18. cxd5 Qxd4 19. dxe6 Bxe6 20. Rxe6 Qxb2 21. Ree1 Qxa2 22. Qxb7 Rab8 23. Qe7+ Kg8 24. Bh7+ 1-0

[Event "Gibraltar Amateur op-B"]
[Site "Caleta"]
[Date "2019.01.28"]
[Round "3"]
[White "Anjali, R Sagar"]
[Black "Kumar, Deepak"]
[Result "1-0"]
[WhiteElo "1787"]
[BlackElo "1590"]
[PlyCount "82"]
[EventDate "2019.01.26"]
[EventType "swiss"]
[EventRounds "5"]
[EventCountry "GGB"]
[SourceTitle "CBM 188 Extra"]
[Source "ChessBase"]
[SourceDate "2019.02.26"]
[SourceVersion "1"]
[SourceVersionDate "2019.02.26"]
[SourceQuality "1"]

1. e4 c5 2. Nf3 Nc6 3. d4 cxd4 4. Nxd4 e5 5. Nb5 d6 6. N1c3 a6 7. Na3 Be6 8. Bc4 Nf6 9. Bg5 Be7 10. Bxf6 Bxf6 11. Bd5 Bxd5 12. Nxd5 0-0 13. c3 Rc8 14. Nc4 Kh8 15. Nce3 Ne7 16. Qb3 Nxd5 17. Nxd5 b5 18. a4 Rb8 19. axb5 Rxb5 20. Qc2 a5 21. c4 Rc5 22. 0-0 g6 23. Ra4 Kg7 24. h3 Qb8 25. Rfa1 Qd8 26. Nxf6 Kxf6 27. b3 Qc7 28. Qc3 Rb8 29. Rd1 Qb6 30. Rd3 Ke6 31. Kf1 Qc7 32. Ke2 h5 33. Kd2 Ra8 34. Kc2 Ke7 35. Qd2 Kf6 36. Rxd6+ Kg7 37. Rd5 Qc6 38. Qc3 f6 39. Qd2 Ra7 40. Qe3 Rxd5 41. Qxa7+ Qd7 1-0

[Event "Barcelona Sant Marti op 7th"]
[Site "Barcelona"]
[Date "2018.03.01"]
[Round "8"]
[White "Anjali, R Sagar"]
[Black "Hinarejos Montano, Andres"]
[Result "1-0"]
[WhiteElo "1792"]
[BlackElo "1613"]
[PlyCount "49"]
[EventDate "2018.01.11"]
[EventType "swiss"]
[EventRounds "9"]
[EventCountry "ESP"]
[SourceTitle "EXT 2019"]
[Source "ChessBase"]
[SourceDate "2018.10.10"]
[SourceVersion "1"]
[SourceVersionDate "2018.10.10"]
[SourceQuality "1"]

1. e4 e5 2. Nf3 d6 3. d4 exd4 4. Nxd4 Be7 5. Nc3 Nf6 6. Be2 0-0 7. Be3 a6 8. Qd2 Kh8 9. f3 Nbd7 10. Nf5 Ng8 11. Nd5 Ndf6 12. Nfxe7 Nxe7 13. Nxf6 gxf6 14. h4 Ng8 15. g4 Be6 16. Bd4 d5 17. exd5 Bxd5 18. 0-0-0 Be6 19. Qc3 Qe8 20. Bxf6+ Nxf6 21. Qxf6+ Kg8 22. Bd3 Qc6 23. Qh6 f5 24. gxf5 Bxf5 25. Rhg1+ 1-0

[Event "Gibraltar Amateur op-B"]
[Site "Caleta"]
[Date "2018.01.30"]
[Round "4"]
[White "Anjali, R Sagar"]
[Black "Ajayi, Ayokanmi"]
[Result "1-0"]
[WhiteElo "1792"]
[BlackElo "1537"]
[PlyCount "51"]
[EventDate "2018.01.27"]
[EventType "swiss"]
[EventRounds "5"]
[EventCountry "GGB"]
[SourceTitle "EXT 2019"]
[Source "ChessBase"]
[SourceDate "2018.10.10"]
[SourceVersion "1"]
[SourceVersionDate "2018.10.10"]
[SourceQuality "1"]

1. e4 c6 2. d4 d5 3. Nc3 dxe4 4. Nxe4 Bf5 5. Ng3 Bg6 6. N1e2 h6 7. Nf4 Bh7 8. Bc4 Nf6 9. 0-0 e6 10. Re1 Qb6 11. c3 Nbd7 12. a4 a5 13. Qe2 0-0-0 14. Be3 Nd5 15. Nxd5 exd5 16. Bd3 Bxd3 17. Qxd3 Qc7 18. Qf5 f6 19. Bf4 Bd6 20. Bxd6 Qxd6 21. Qg6 Kb8 22. Nf5 Qf4 23. Nxg7 Rdg8 24. Re7 Nf8 25. Qf7 Nh7 26. Rxb7+ 1-0

[Event "Gibraltar Amateur op-B"]
[Site "Caleta"]
[Date "2018.01.28"]
[Round "2"]
[White "Anjali, R Sagar"]
[Black "Nutu, Mihail Puiu"]
[Result "1-0"]
[WhiteElo "1792"]
[BlackElo "1558"]
[PlyCount "117"]
[EventDate "2018.01.27"]
[EventType "swiss"]
[EventRounds "5"]
[EventCountry "GGB"]
[SourceTitle "EXT 2019"]
[Source "ChessBase"]
[SourceDate "2018.10.10"]
[SourceVersion "1"]
[SourceVersionDate "2018.10.10"]
[SourceQuality "1"]

1. e4 e5 2. Nf3 Nc6 3. Bb5 a6 4. Ba4 Nf6 5. 0-0 d6 6. d4 b5 7. dxe5 dxe5 8. Qxd8+ Nxd8 9. Bb3 Bd6 10. Bg5 0-0 11. Bxf6 gxf6 12. Nh4 Be6 13. Nd2 c5 14. c3 Nc6 15. Rfd1 Rfd8 16. Nf1 c4 17. Bc2 Bg4 18. Rd2 Bc5 19. h3 Rxd2 20. Nxd2 Be6 21. Nf1 Rd8 22. Rd1 Rxd1 23. Bxd1 b4 24. Ba4 Na5 25. cxb4 Bxb4 26. Ne3 Be7 27. Nhf5 Bd8 28. Kf1 Nb7 29. Bc6 Nc5 30. Nd6 c3 31. bxc3 Bxa2 32. c4 Bb3 33. Bd5 a5 34. Bxf7+ Kf8 35. Bh5 a4 36. Bd1 a3 37. Bxb3 Nxb3 38. Nc2 a2 39. Ke2 a1Q 40. Nxa1 Nxa1 41. Nb7 Ke8 42. Kd3 Nb3 43. c5 Na5 44. Nxa5 Bxa5 45. Kc4 Be1 46. f3 Kd7 47. Kd5 Kc7 48. Ke6 Bh4 49. Kf5 Bg3 50. Kxf6 Kc6 51. h4 Kxc5 52. h5 Kd4 53. h6 Ke3 54. Kg7 Bf4 55. Kxh7 Kf2 56. Kg6 Bxh6 57. Kxh6 Kxg2 58. Kg5 Kxf3 59. Kf5 1-0

[Event "Gibraltar Amateur op-A"]
[Site "Caleta"]
[Date "2018.01.25"]
[Round "4"]
[White "Anjali, R Sagar"]
[Black "Ajayi, Ayokanmi"]
[Result "1-0"]
[WhiteElo "1792"]
[BlackElo "1537"]
[PlyCount "65"]
[EventDate "2018.01.22"]
[EventType "swiss"]
[EventRounds "5"]
[EventCountry "GGB"]
[SourceTitle "EXT 2019"]
[Source "ChessBase"]
[SourceDate "2018.10.10"]
[SourceVersion "1"]
[SourceVersionDate "2018.10.10"]
[SourceQuality "1"]

1. e4 d6 2. d4 Nf6 3. Nc3 g6 4. f4 Bg7 5. Nf3 0-0 6. Be2 c5 7. 0-0 cxd4 8. Nxd4 Nbd7 9. Be3 a6 10. Bf3 Rb8 11. a4 Qc7 12. a5 Nc5 13. b4 Ne6 14. Na4 Nd7 15. Nxe6 fxe6 16. Ra3 Qc4 17. c3 e5 18. f5 Nf6 19. Ba7 b5 20. Bxb8 bxa4 21. Qxa4 Bd7 22. Qb3 Qxb3 23. Rxb3 Rxb8 24. c4 Bh6 25. b5 axb5 26. a6 Bc6 27. cxb5 Ba8 28. Rfb1 Rb6 29. Rc3 Kf7 30. Rc8 Nd7 31. Rxa8 Rb8 32. Rxb8 Nxb8 33. Kf2 1-0

[Event "Montcada op-C 25th"]
[Site "Montcada"]
[Date "2017.06.30"]
[Round "5"]
[White "Anjali, R Sagar"]
[Black "Villa Cardenas, Jorge"]
[Result "1/2-1/2"]
[WhiteElo "1724"]
[BlackElo "1672"]
[PlyCount "45"]
[EventDate "2017.06.26"]
[EventType "swiss"]
[EventRounds "9"]
[EventCountry "ESP"]
[SourceTitle "EXT 2018"]
[Source "ChessBase"]
[SourceDate "2017.10.13"]
[SourceVersion "1"]
[SourceVersionDate "2017.10.13"]
[SourceQuality "1"]

1. e4 e5 2. Nf3 Nc6 3. Bb5 a6 4. Ba4 Nf6 5. 0-0 b5 6. Bb3 Be7 7. Re1 d6 8. c3 0-0 9. h3 h6 10. d4 Re8 11. d5 Nb8 12. Nbd2 Nh7 13. Bc2 Rf8 14. a4 bxa4 15. Rxa4 Bd7 16. Ra2 f5 17. exf5 Bxf5 18. Bxf5 Rxf5 19. Nf1 Nd7 20. Ng3 Rf8 21. Nh2 Bg5 22. Qe2 Bxc1 23. Rxc1 1/2-1/2

[Event "Novi Sad Hotel Sajam op 02A"]
[Site "Novi Sad"]
[Date "2016.02.11"]
[Round "9"]
[White "Anjali, R Sagar"]
[Black "Markovic, Miroslav"]
[Result "0-1"]
[WhiteElo "1707"]
[BlackElo "2485"]
[PlyCount "62"]
[EventDate "2016.02.05"]
[EventType "swiss"]
[EventRounds "9"]
[EventCountry "SRB"]
[SourceTitle "CBM 171 Extra"]
[Source "ChessBase"]
[SourceDate "2016.04.26"]
[SourceVersion "1"]
[SourceVersionDate "2016.04.26"]
[SourceQuality "1"]

1. e4 c5 2. Nf3 Nc6 3. d4 cxd4 4. Nxd4 e5 5. Nb5 a6 6. Nd6+ Bxd6 7. Qxd6 Qf6 8. Qd1 Qg6 9. Nc3 Nge7 10. Be3 0-0 11. Qd2 b5 12. f3 d6 13. Bd3 Nb4 14. a4 Nxd3+ 15. cxd3 b4 16. Na2 a5 17. d4 Ba6 18. Kf2 f5 19. dxe5 dxe5 20. Bc5 Rfd8 21. Qc2 Qg5 22. Rhd1 Ng6 23. g3 fxe4 24. fxe4 h5 25. Rxd8+ Rxd8 26. Rd1 Rc8 27. Nc1 Kh7 28. Nb3 Rc6 29. Qd2 Qg4 30. Bd6 Rxd6 31. Qxd6 Qe2+ 0-1